| 000 | 01230cam a22002777i 4500 | ||
|---|---|---|---|
| 999 |
_c57670 _d57670 |
||
| 001 | 18775200 | ||
| 005 | 20221107111823.0 | ||
| 008 | 150904s2016 nyu b 001 0 eng | ||
| 010 | _a 2015027527 | ||
| 020 | _a9780702052309 (main edition) | ||
| 020 | _a9780702063060 (international edition paperback) 1 | ||
| 020 | _z9780702068515 (PDF, EPUB) 1 | ||
| 020 | _z9780702068522 (Inkling interactive ebook) 1 | ||
| 041 | _aeng | ||
| 080 | _a611 G-80 | ||
| 245 | 0 | 0 |
_aGray's anatomy : _bthe anatomical basis of clinical practice / _ceditor-in-chief, Susan Standring, MBE, PhD, DSc, FKC, Hon FAS, Hon FRCS, Emeritus Professor of Anatomy, King's College London, London, UK ; section editors, Neel Anand [and 11 others]. |
| 250 | _aForty-first edition. | ||
| 264 | 1 |
_aNew York : _bElsevier Limited, _c2016. |
|
| 300 |
_axviii, 1562 pages : _billustrations (some color) ; _c31 cm |
||
| 650 | 1 | 2 |
_aAnatomy. _99371 |
| 653 | _aმედიცინა | ||
| 653 | _aადამიანის ანატომია | ||
| 700 | 1 |
_aStandring, Susan, _eeditor. _99372 |
|
| 776 | 0 | 8 |
_iOnline version: _tGray's anatomy _bForty-first edition. _dNew York : Elsevier Limited, 2016 _z9780702068515 _w(DLC) 2015035346 |
| 942 |
_2udc _cBK |
||